Microsoft Access căn bản : Tin học & đời sống
Trình bày những yếu tố căn bản tạo nên một ứng dụng quản lý cơ sở dữ liệu (database) Access : bảng dữ liệu (table), truy vấn (query), biểu mẫu nhập liệu (form), báo biểu (report), macro và trình đơn (menu)
Đã lưu trong:
| 主要作者: | |
|---|---|
| 格式: | 圖書 |
| 語言: | Undetermined |
| 出版: |
Cà Mau
Phương đông
2007
|
| 主題: | |
| 標簽: |
添加標簽
沒有標簽, 成為第一個標記此記錄!
|
| Thư viện lưu trữ: | Trung tâm Học liệu Trường Đại học Cần Thơ |
|---|
| LEADER | 01008nam a2200217Ia 4500 | ||
|---|---|---|---|
| 001 | CTU_167210 | ||
| 008 | 210402s9999 xx 000 0 und d | ||
| 020 | |c 65000 | ||
| 082 | |a 005.7565 | ||
| 082 | |b Ch561 | ||
| 100 | |a Đàm, Văn Chương | ||
| 245 | 0 | |a Microsoft Access căn bản : | |
| 245 | 0 | |b Tin học & đời sống | |
| 245 | 0 | |c Đàm Văn Chương (Chủ biên) ; Phương Lan (Hiệu đính) | |
| 260 | |a Cà Mau | ||
| 260 | |b Phương đông | ||
| 260 | |c 2007 | ||
| 520 | |a Trình bày những yếu tố căn bản tạo nên một ứng dụng quản lý cơ sở dữ liệu (database) Access : bảng dữ liệu (table), truy vấn (query), biểu mẫu nhập liệu (form), báo biểu (report), macro và trình đơn (menu) | ||
| 650 | |a Microsoft Access,Quản trị dữ liệu,Database management | ||
| 904 | |i Nguyễn Trung Hiếu, Hải | ||
| 980 | |a Trung tâm Học liệu Trường Đại học Cần Thơ | ||